Beabadoobee - This Is How It Went - Statistics

General Stats
  • This quiz has been taken 48 times
  • The average score is 224 of 294
Answer Stats
Answer % Correct
to
100%
a
94%
an
94%
I
94%
speak,
94%
speak
94%
do
88%
find
85%
let
85%
me
85%
you
85%
You
85%
And
82%
and
82%
hurt
82%
listen
82%
make
82%
my
82%
song
82%
songs
82%
songs,
82%
the
82%
write
82%
Writing
82%
writing
82%
all
79%
All
79%
best
79%
'cause
79%
'Cause
79%
e-mail
79%
finding
79%
he
79%
healing
79%
I'm
79%
just
79%
Just
79%
movie
79%
Never
79%
never
79%
Oh,
79%
on
79%
on,
79%
same
79%
same,
79%
Scared
79%
tired,
79%
by
76%
for
76%
Getting
76%
go
76%
hope
76%
like
76%
love
76%
sleep
76%
at
73%
it
73%
please
73%
stick
73%
did
70%
don't
70%
in
70%
of
70%
say
70%
somethin'
70%
what
70%
your
70%
yourself
70%
I'll
67%
messed
67%
plannin'
67%
Tried
67%
tried
67%
up
67%
want
67%
before
64%
help
64%
made
64%
Sat
64%
sat
64%
shoe
64%
singing
64%
stuck
64%
Using
64%
was
64%
worse
64%
along
61%
gum,
61%
had
61%
here,
61%
listening
61%
piece
61%
right
61%
about
58%
gloat
58%
keep
58%
know
58%
obvious
58%
situations
58%
Hanging
55%
man
55%
secretly
55%
bed
52%
come
52%
TV
52%
busy,
48%
it's
48%
off
48%
satisfaction's
48%
sure
48%
through
48%
time
48%
turned
48%
been
45%
laid
45%
move
45%
you'd
45%
I'd
42%
see
42%
Elliott
39%
blissfully
36%
Would've
36%
thought
33%
loose
30%
We'll
27%
herd
21%
worlds
6%
No matching quizzes found
Score Distribution
Percent of People with Each Score
Percentile by Number Answered
Your Score History
You have not taken this quiz